| 000 | 02764nam a2200289 a 4500 | ||
|---|---|---|---|
| 001 | 000012903 | ||
| 003 | DO-SdBNP | ||
| 005 | 20160901084033.0 | ||
| 007 | 000012903 | ||
| 008 | 091118s2010 dr ac 000 0 spa d | ||
| 020 | _a994540010X (v. 1) | ||
| 020 | _a9945400118 (v. 2) | ||
| 020 | _a9945400126 (v. 3) | ||
| 020 | _a9945400134 (v. 4) | ||
| 040 |
_aBPMSU _bspa _cBPMSU |
||
| 092 |
_axxxx _bxxxx |
||
| 245 | 0 | 0 |
_aLengua : _beducación media / _c Olimpia Sánchez... [et al ] ; fotografías Deyanira Féliz Moreno ; ilustraciones Ramón Sandoval |
| 260 |
_aSanto Domingo : _bActualidad Escolar 2000, _c2010 |
||
| 300 |
_a4v. : _bil. ; _c29 cm. |
||
| 500 | _aCada volumen contiene la guía metodológica | ||
| 505 | 0 |
_gv. 1 : Primer ciclo _tciudadanos e inmigrantes -- _tCazador de tendencias -- _tLas predicciones de Julio Verne -- _tPremiarán calidad en gestión pública -- _tLas islas Galapagos -- _tTurismo y comunidad -- _tEducación y medio de comunicación -- _tEl papel de los intelectuales en la sociedad -- _tEl hombre se posee en la medida que posee su lenguaje -- _tRonda por el cuento brevísimo -- _tGuayo o rayador taíno -- _tPulsaciones magnéticas que afectan el cerebro -- _gv. 2 : Primer ciclo _tPrimeras graduadas del Instituto de Señoritas Salomé Ureña -- _tUn encuentrro en la playa -- _tOuro preto -- _tEl hombre -- _tLa Vega -- _tHay un país en el mundo -- _tPolémica sobre los test genéticos en selección de personal -- _tLos resultados macroeconómicos del 2005 -- _tEl petróleo en nuestra vida -- _tLa agropecuaria mueve el 84% de la economía en Ocoa -- _tCañas y bueyes -- _tLa belleza masculina : un punto polémico -- _gv. 3 : Segundo ciclo _tDe lo que pasó a un mozo que se casó con una mujer fuerte brava -- _t¿ Cómo prevenir las causas que determinan una crisis económica? -- _tDespúes de todo quizás seamos hermanos -- _tLa lteratura, ¿para qué? -- _tEl doctor Zhivago -- _tRD pasará sin trauma el reto del libre comercio -- _tEl destino manifiesto -- _tAmérica -- _tLa soledad de América Latina -- _tLos tres que echaron a Pedro en el pozo -- _tComo si siempre les preocupara algo -- _tLa República entre yerros y complicidades -- _gv. 4 : Segundo ciclo _tCiudades sin peatones -- _tLas trampas de la economía -- _tLos hombres y las matemáticas -- _tEl oro y la paz -- _tLos amansadores -- _tEntre Lucas y Juan Mejía -- _tDocumentos oficiales -- _tProsa poética. Género policial -- _tSi alguien quiere saber cuál es mi patria -- _tBolívar -- _tLa fiesta del chivo -- _tMedame Bovary -- _tOtra manera de ser emigrante |
|
| 700 | 1 | 2 | _aSánchez, Olimpia |
| 700 | 1 | 2 |
_a Féliz Moreno, Deyanira _efot. |
| 700 | 1 | 2 |
_aSandoval, Ramón _eil. |
| 942 |
_2ddc _cBK |
||
| 956 |
_aVMATEO _b10 _c20150813 _lBPMSU _h00151 |
||
| 999 |
_c8249 _d8249 |
||